LEADER 00953nam0-22003491i-450- 001 990003109010403321 005 20101012101117.0 010 $a0-444-88105-0 035 $a000310901 035 $aFED01000310901 035 $a(Aleph)000310901FED01 035 $a000310901 100 $a20030910d1990----km-y0itay50------ba 101 0 $aita 102 $aIT 200 1 $aInvestment and Factor Demand$fPatrick Artus and Pierre-Alain Muet 210 $aAmsterdam$cNorth-Holland$d1990. 215 $aX, 308 p.$d22 cm 225 1 $aContributions to economic analysis$v193 676 $aG/1.1 676 $aL/3.0 702 1$aArtus,$bPatrick$f<1951- > 702 1$aMuet,$bPierre-Alain 801 0$aIT$bUNINA$gRICA$2UNIMARC 901 $aBK 912 $a990003109010403321 952 $aE2.5$b2473$fDECTS 952 $aG/1.1 ART$b9560$fSES 959 $aDECTS 959 $aSES 996 $aInvestment and Factor Demand$9462333 997 $aUNINA LEADER 01159nam--2200385---450- 001 990001907660203316 005 20060427103023.0 035 $a000190766 035 $aUSA01000190766 035 $a(ALEPH)000190766USA01 035 $a000190766 100 $a20040805d19852001km-y0itay0103----ba 101 0 $aeng 102 $aGB 105 $aa|||||||001yy 200 1 $aData processing in archaeology$fJ. D. Richards and N. S. Ryan 210 $aCambridge$cCambridge Universiry Press$d1985 215 $aVII, 232 p.$cill.$d24 cm 225 2 $aCambridge manuals in archaelogy 410 0$12001$aCambridge manuals in archaelogy 454 1$12001 461 1$1001-------$12001 606 0 $aArcheologia$xElaborazione dati 676 $a930.1 700 1$aRICHARDS,$bJ. D.$0459427 701 1$aRYAN,$bN. S.$0565114 801 0$aIT$bsalbc$gISBD 912 $a990001907660203316 951 $aXII.3.C. 18(X C coll.29/1)$b12803 L.M.$cX C coll. 959 $aBK 969 $aUMA 979 $aSIAV3$b10$c20040805$lUSA01$h0937 979 $aCOPAT6$b90$c20060427$lUSA01$h1030 996 $aData processing in archaeology$9954453 997 $aUNISA